MARC

LEADER 00000nam0a2200000 4500
001 3477
005 20231101204319.0
010 |a 5250025730 
035 |a (RuTPU)RU\TPU\book\3496 
035 |a BOOK00003504 
090 |a 3477 
100 |a 20011209d1997 m y0rusy50 ca 
101 0 |a rus 
102 |a RU 
105 |a ac z 000zb 
200 1 |a Премьер известный и неизвестный  |a Воспоминания о А. Н. Косыгине  |f сост. Т. И. Фетисов 
210 |a Москва  |c Республика  |d 1997 
215 |a 256 с.  |c ил. 
600 1 |a Косыгин  |g Алексей Николаевич  |b А. Н.  |c российский политический деятель  |f 1904-1980  |2 stltpui  |3 (RuTPU)RU\TPU\pers\239 
606 1 |a Государственные и политические деятели Российской Федерации  |x Внутренняя политика  |x Персоналии  |2 stltpush  |3 (RuTPU)RU\TPU\subj\68275 
606 1 |a Персоналии деятелей КПСС  |x История  |2 stltpush  |3 (RuTPU)RU\TPU\subj\48642  |9 67493 
610 1 |a история 
610 1 |a СССР 
610 1 |a КПСС 
610 1 |a экономика 
686 |a Ф61(2)8  |v LBC/SL-A  |2 rubbk 
686 |a Ф3(2)8  |v LBC/SL-A  |2 rubbk 
702 1 |a Фетисов  |b Т. И.  |4 220 
801 0 |a RU  |b 63413507  |c 20011209  |g PSBO 
801 2 |a RU  |b 63413507  |c 20140721  |g PSBO 
942 |c BK